Skyrim: Divine or Daedra? - Statistics

General Stats
  • This quiz has been taken 61 times
  • The average score is 23 of 25
Answer Stats
Question Answer % Correct
Arkay Divine
100%
Mehrunes Dagon Daedra
98%
Clavicus Vile Daedra
98%
Talos Divine
98%
Stendarr Divine
98%
Molag Bal Daedra
97%
Sanguine Daedra
97%
Mara Divine
97%
Sheogorath Daedra
95%
Malacath Daedra
95%
Nocturnal Daedra
95%
Julianos Divine
95%
Boethiah Daedra
93%
Hermaeus Mora Daedra
93%
Akatosh Divine
93%
Kynareth Divine
93%
Dibella Divine
93%
Zenithar Divine
93%
Hircine Daedra
92%
Vaermina Daedra
86%
Mephala Daedra
85%
Peryite Daedra
85%
Namira Daedra
83%
Meridia Daedra
81%
Azura Daedra
80%
No matching quizzes found
Score Distribution
Percent of People with Each Score
Percentile by Number Answered
Your Score History
You have not taken this quiz